Pieseň o smutnej nedeli

Bibliographic Details
Corporate Author: Ľudová hudba Štefana Banyáka (uci)
Other Authors: Gonda, Ján (spe)
Format: Audio
Language:Slovak
PhysicalDescription:1 zvuková kazeta (58 min., 55 sek.) stereo
Published: Bratislava Akcent 2004
Subjects:

MARC

LEADER 00000njm a2200000 a 4500
001 vtls001480108
003 SK-MaSNL
005 20260301073959.0
008 160801s2004 xo 0 slo
015 |a SNBJ2004/03-01500 
035 |a SNK000435406 
040 |a SNK  |b slo  |c SNK  |e AACR2 
044 |a xo  |c SK 
072 7 |a 784  |2 konspekt 
080 |a 784.4  |2 1981 
080 |a (086.7)  |2 1981 
080 |a 784.4:785.16(086.7)  |2 2. slo 
080 |a 785.16  |2 2. slo 
245 1 |a Pieseň o smutnej nedeli  |h zvukový dokument  |c [hrá] Ľudová hudba Štefana Banyáka, [spieva] Ján Gonda 
260 |a Bratislava  |b Akcent  |c 2004 
300 |a 1 zvuková kazeta (58 min., 55 sek.)  |b stereo 
505 0 |a Obsahuje 15 piesní 
650 0 7 |a slovenské ľudové piesne  |2 SNK  |9 3454 
650 0 7 |a ľudová hudba  |2 SNK  |9 3183 
650 0 7 |a ľudová hudba  |x piesne ľudové  |x kazety magnetofónové  |2 SNK  |9 283675 
650 0 7 |a piesne ľudové  |x kazety magnetofónové  |2 SNK  |9 283676 
650 0 7 |a vokálna hudba  |2 SNK  |9 3442 
655 7 |a magnetofónové pásky  |2 SNK  |9 63361 
655 7 |a magnetofónové kazety  |2 SNK  |9 70693 
700 1 |a Gonda, Ján  |4 spe  |9 203017 
710 0 |a Ľudová hudba Štefana Banyáka  |4 uci  |9 32992 
999 |c 645839  |d 647769 
952 |t P60, <03>, [AUDIO], {603}  |a SNK  |b SNK  |y PREZ  |7 0  |p 17A0439545  |o snkK 2377  |i snkJK 339/2004  |0 0  |1 0  |4 0  |d 2004-08-16  |l 0  |r 2005-01-02 00:00:00  |w 2026-02-23